| 000 | 00506nam a22001817a 4500 | ||
|---|---|---|---|
| 999 |
_c7449 _d7449 |
||
| 003 | OSt | ||
| 005 | 20211111122753.0 | ||
| 008 | 211111b ||||| |||| 00| 0 eng d | ||
| 020 | _a9781615253784 | ||
| 040 | _cNLM | ||
| 082 |
_aWW100 _bF95a 2013 |
||
| 245 | _aFundamentals and principles of ophthalmology | ||
| 260 |
_aSan Francisco _bAmerican Academy of Ophthalmology _c2013 |
||
| 300 |
_axvi,455p; _bill,(some col) _c25cm |
||
| 504 | _aincludes index | ||
| 650 |
_aOphthalmology _9338 |
||
| 942 |
_2ddc _cBOOK |
||